[Event "Heusenstamm Sparkassen op-A 4th"]
[Site "Heusenstamm"]
[Date "2017.11.24"]
[Round "2"]
[White "Kammerer, Utz"]
[Black "Mehringer, Joerg"]
[Result "0-1"]
[WhiteElo "1719"]
[BlackElo "1927"]
[PlyCount "22"]
[EventDate "2017.11.23"]
[EventType "swiss"]
[EventRounds "7"]
[EventCountry "GER"]
[SourceTitle "EXT 2019"]
[Source "ChessBase"]
[SourceDate "2018.10.10"]
[SourceVersion "1"]
[SourceVersionDate "2018.10.10"]
[SourceQuality "1"]

1. e4 e5 2. Nf3 Nc6 3. Bc4 Nf6 4. Nc3 Bc5 5. 0-0 d6 6. d3 Bg4 7. h3 Bh5 8. g4 Nxg4 9. hxg4 Bxg4 10. Bxf7+ Kxf7 11. Be3 Qf6 0-1

[Event "Wiesbaden op 29th"]
[Site "Wiesbaden"]
[Date "2017.08.25"]
[Round "2"]
[White "Kammerer, Utz"]
[Black "Nagel, Bernhard"]
[Result "0-1"]
[WhiteElo "1707"]
[BlackElo "2212"]
[PlyCount "60"]
[EventDate "2017.08.24"]
[EventType "swiss"]
[EventRounds "7"]
[EventCountry "GER"]
[SourceTitle "CBM 180 Extra"]
[Source "ChessBase"]
[SourceDate "2017.10.06"]
[SourceVersion "1"]
[SourceVersionDate "2017.10.06"]
[SourceQuality "1"]

1. e4 e5 2. Bc4 Nf6 3. Nc3 Nc6 4. d3 Na5 5. Bb3 Bc5 6. Nf3 Nxb3 7. axb3 d6 8. Na4 Qe7 9. Nxc5 dxc5 10. h3 h6 11. Be3 b6 12. Qd2 a5 13. Qc3 Nd7 14. Nd2 g5 15. f3 Ba6 16. Bf2 Qe6 17. Nf1 0-0-0 18. Ne3 Nb8 19. 0-0 Nc6 20. Nf5 h5 21. Qd2 f6 22. Ra3 Rh7 23. Rfa1 Bb7 24. Qc3 g4 25. fxg4 hxg4 26. h4 g3 27. Bxg3 Nd4 28. Nxd4 cxd4 29. Qe1 Rg8 30. Kh2 Rhg7 0-1

[Event "Wiesbaden op 29th"]
[Site "Wiesbaden"]
[Date "2017.08.24"]
[Round "1"]
[White "Held, Carsten"]
[Black "Kammerer, Utz"]
[Result "1/2-1/2"]
[WhiteElo "2063"]
[BlackElo "1707"]
[PlyCount "89"]
[EventDate "2017.08.24"]
[EventType "swiss"]
[EventRounds "7"]
[EventCountry "GER"]
[SourceTitle "CBM 180 Extra"]
[Source "ChessBase"]
[SourceDate "2017.10.06"]
[SourceVersion "1"]
[SourceVersionDate "2017.10.06"]
[SourceQuality "1"]

1. Nf3 Nc6 2. c4 e5 3. d3 Nf6 4. Nc3 d6 5. g3 b6 6. Bg2 Bb7 7. 0-0 Be7 8. b4 0-0 9. Ne1 Qc8 10. Nc2 Nd8 11. Bg5 Ne6 12. Bxf6 Bxf6 13. Bxb7 Qxb7 14. Nd5 Bd8 15. b5 f5 16. Ncb4 f4 17. f3 fxg3 18. hxg3 Rf7 19. Kg2 Bg5 20. a4 Raf8 21. a5 Nd4 22. Nc3 Nf5 23. Nbd5 Ne3+ 24. Nxe3 Bxe3 25. Nd5 Bd4 26. Ra2 bxa5 27. Rxa5 Bb6 28. Ra1 Qc8 29. Rh1 Bd4 30. Rb1 Qf5 31. Qd2 h6 32. Rh4 Bb6 33. Rbh1 Qe6 34. Rh5 Kh7 35. g4 Bc5 36. Qe1 Qg6 37. Qh4 Rxf3 38. exf3 Rxf3 39. Kxf3 Qxd3+ 40. Kg2 Qe2+ 41. Kh3 Qf3+ 42. Kh2 Qe2+ 43. Kh3 Qf3+ 44. Kh2 Qe2+ 45. Kh3 1/2-1/2